| 000 | 01311nam#a2200349#a 4500 | ||
|---|---|---|---|
| 001 | vtls000296577 | ||
| 003 | NLI | ||
| 005 | 20210602132846.0 | ||
| 008 | 101203s1989 ii b m 001 0 eng | ||
| 020 | _cRs. 0.75 | ||
| 039 | 9 |
_y201012031957 _zVLOAD |
|
| 040 | 0 |
_aNLI _beng _cEntertech-FY 2010 _eAACR2 |
|
| 041 | 0 | _aeng | |
| 044 | _aii | ||
| 082 | 0 | 4 | _a954.7 |
| 100 | 1 |
_aNazrul-Islam, M., _d1943- _9463200 |
|
| 245 | 1 | 0 |
_aPakistan and Malaysia : _ba comparative study in national integration / _cM. Nazrul-Islam |
| 260 |
_aNew Delhi : _bSterling Publishers, _cc1989 |
||
| 300 |
_axvi, 282 p. : _bmaps ; _c23 cm. |
||
| 500 | _aOutcome of the author's thesis (Ph. D.--School of Modern Asian Studies, Griffith University, Australia, 1980) | ||
| 504 | _aIncludes bibliographical references and index | ||
| 651 | 0 |
_aPakistan _xPolitics and government _97242 |
|
| 651 | 0 |
_aMalaysia _xPolitics and government _9213741 |
|
| 651 | 0 |
_aPakistan _xEconomic policy _9197017 |
|
| 651 | 0 |
_aMalaysia _xEconomic policy _9217833 |
|
| 887 | _a | ||
| 901 |
_aDB55788 _b3.10.1989 |
||
| 902 | _aE 954.7 N 239 | ||
| 949 |
_AVIRTUAITEM _D10000 _X100 _6DBA000055788ENG |
||
| 942 |
_2ddc _cBKS |
||
| 999 |
_aVIRTUA40 _c257585 _d257585 |
||
| 999 | _aVTLSSORT0080*0200*0400*0410*0440*0820*1000*2450*2600*3000*5000*5040*6510*6511*6512*6513*9010*9020*9490*9991 | ||